'Just for Fun' Terms From Greek Quiz Stats

 Plays Quiz not verified by Sporcle

Challenge
Share
Tweet
Embed
Score 0/10 Timer 06:00
0 Plays Today
Greek English % Correct
αλφάβητοalphabet
93.4%
παλίνδρομοpalindrome
84.6%
ανάγραμμαanagram
80.2%
ακρωνύμιοacronym
79.1%
λογικήlogic
79.1%
αναλογίαanalogy
75.8%
μνημονικόςmnemonic
75.8%
τυπογραφίαtypography
71.4%
ακροστιχίδαacrostic
70.3%
κρυπτογράφημαcryptogram
70.3%

You're not logged in!

Compare scores with friends on all Sporcle quizzes.
Join for Free
OR
Log In

You Might Also Like...

Show Comments

Extras

Top Quizzes Today


Score Distribution

Your Account Isn't Verified!

In order to create a playlist on Sporcle, you need to verify the email address you used during registration. Go to your Sporcle Settings to finish the process.

Report this User

Report this user for behavior that violates our Community Guidelines.

Details: